000
00293nam a2200121Ia 4500
008
190216s9999||||xx |||||||||||||| ||und||
100
_a
Franklin E Folts
245
0
_a
Introduction To Industrial Management
260
_b
Mcgraw -hill
_c
1938
300
_a
564p
650
_a
Commerce
942
_c
BK
999
_c
4732
_d
4732